Statistiken für Fußball: Vereinsfarben

Klicken Sie hier um das Quiz zu spielen!

Allgemein

  • Dieses Quiz wurde 1.416 mal gespielt
  • Das Durchschnittsergebnis liegt bei 10 aus 13

Antwortstatistiken

VereinVereinsfarben% Korrekt
Borussia Dortmund{schwarz} - gelb
100%
FC Porto{blau} - weiß
93%
Borussia Mönchengladbachschwarz - weiß - {grün}
89%
FC St. Pauli{braun} - weiß
87%
FC Augsburgrot - grün - {weiß}
84%
Ajax Amsterdamweiß - {rot}
84%
Manchester Cityh{immelblau} - weiß
81%
Erzgebirge Aue{lila} - weiß
78%
Schalke 04k{önigsblau} - weiß
73%
Schachtar Donezk{orange} - schwarz
72%
AS Romrot - {gelb}
66%
FC Palermo{rosa} - schwarz
38%
Wolverhampton Wanderersschwarz - {gold}
22%

Verteilung der Resultate

Perzentil nach korrekt beantworteten Fragen

Anzahl Personen mit jedem Resultat

Ihre Resultats-Entwicklung

Sie haben dieses Quiz noch nicht gespielt